From distress comes elation (Record no. 69665)

MARC details
000 -LEADER
fixed length control field 00963cam a2200205 4500
001 - CONTROL NUMBER
control field ABS65200
008 - FIXED-LENGTH DATA ELEMENTS--GENERAL INFORMATION
fixed length control field 020304n2002 000 0 eng u
035 ## - SYSTEM CONTROL NUMBER
System control number (Sirsi) u116960
100 ## - MAIN ENTRY--PERSONAL NAME
Personal name Foster Taylor, C.
245 ## - TITLE STATEMENT
Title From distress comes elation
260 ## - PUBLICATION, DISTRIBUTION, ETC.
Date of publication, distribution, etc. 2002
490 ## - SERIES STATEMENT
Series statement Estates Gazette
Volume/sequential designation (0207) 16 February 2002, 112-114(3)
520 ## - SUMMARY, ETC.
Summary, etc. Explains how property loans that have gone bad can be used as an investment vehicle by institutions looking for high returns. So-called 'opportunity funds' have become popular with investors due to the practice of buying low and selling high, and quickly. However, recently,value-enhanced funds have become popular as they offer the chance to invest alongside specialist managers in sectors difficult to access on a broad basis.
590 ## - LOCAL NOTE (RLIN)
Local note ABS
650 ## - SUBJECT ADDED ENTRY--TOPICAL TERM
Topical term or geographic name entry element OPPORTUNITY FUNDS
650 ## - SUBJECT ADDED ENTRY--TOPICAL TERM
Topical term or geographic name entry element PROPERTY LOANS
650 ## - SUBJECT ADDED ENTRY--TOPICAL TERM
Topical term or geographic name entry element REAL ESTATE
690 ## - LOCAL SUBJECT ADDED ENTRY--TOPICAL TERM (OCLC, RLIN)
Topical term or geographic name as entry element PROPERTY MANAGEMENT-CORPORATE REAL ESTATE
942 ## - ADDED ENTRY ELEMENTS (KOHA)
Suppress in OPAC 0
Holdings
Withdrawn status Lost status Source of classification or shelving scheme Damaged status Not for loan Home library Current library Shelving location Date acquired Total Checkouts Full call number Barcode Date last seen Copy number Price effective from Koha item type
    Dewey Decimal Classification     London London Journal article 04/03/2002   ABS65200 116960-1001 06/08/2019 1 06/08/2019 Law report